Internationales Koloquium über die Technische Ausstattung Zentraler Bibliotheken. Prag 28.10-2.11.1974
Gespeichert in:
| Format: | Buch |
|---|---|
| Sprache: | Deutsch |
| Veröffentlicht: |
Prag
Staatsbibliothek der ČSR
1977
|
| Tags: |
Keine Tags, Fügen Sie das erste Tag hinzu!
|
MARC
| LEADER | 00000nam a2200000 4500 | ||
|---|---|---|---|
| 001 | 0221899 | ||
| 005 | 20240822101659.6 | ||
| 041 | 0 | |a ger | |
| 044 | |a CZ | ||
| 245 | 1 | 0 | |a Internationales Koloquium über die Technische Ausstattung Zentraler Bibliotheken. Prag 28.10-2.11.1974 |
| 264 | 1 | |a Prag |b Staatsbibliothek der ČSR |c 1977 | |
| 300 | |a 467 s. | ||